000 00509nam a2200217Ia 4500
003 OSt
005 20221005114248.0
006 a|||||r|||| 00| 0
007 ta
008 221004b |||||||| |||| 00| 0 eng d
024 _a118314
037 _cTextual
040 _aCRL
_cCRL
_beng
041 _2eng
_aeng
100 _aVidharthi L P
_9625686
245 0 _aApplied anthropology in India
260 _c1968
650 _aHISTORY
942 _cTEXL
_2cc
999 _c1030779
_d1030779